00681nam a2200241 a 4500001001300000003000900013005001700022008004100039020001000080082001300090100001900103245005700122260003400179300000900213500003500222505001300257650002600270700001900296902000800315942000700323952009400330999001500424nice12345678IN_TiNIC20260116012916.0050524s1934 lona grp 000 0 eng  ac10000a282bMES aMessenger, F C aRome and Reunionb Collection of Papal Pronouncement aLondonbBurns and Oatesc1934 a152p aincludes index and biblioraphy2 aAppendex aRoman Catholic Church1 aMessenger, F C bSRS cBK 00104070aHMIbHMId2007-07-19g100.00l0o282 MESp012435r2007-07-19w2026-01-16yEB c8847d8847